Регионална библиотека "Любен Каравелов" - Русе

АЕЦ (Запис номер 16116)

MARC детайли
000 -Лидер
Контролно поле с фиксирана дължина nam a22 c 4500
003 - Код на организацията, давaща контролен номер
Контролно поле BLK
005 - Дата и час на последна редакция
Контролно поле 20200705090808.0
008 - Елементи от данни с фиксирана дължина
fixed length control field 180413b bul|||||r ||||||| ||bul||
010 ## - Наследен системен номер
LC control number KNG00017951000
020 ## - Международен стандартен номер на книга ISBN
Международен стандартен номер на книга ISBN 954-90167-2-2
040 ## - Източник на каталожния запис
Идентификатор на билиотеката - собственик на записа BLK
041 ## - Код за език
Код за езика на текст/звукозапис или на отделно заглавие Български
Код за езика КДБФ Български
080 ## - УДК
Текстов определител УДК Природа. Изучаване и опазване на природната среда. Опазване на растителния и животинския свят. Вж и 55/59
УДК код - определител по УДК 502
УДК определител :621.039(497.2)
УДК - код + определител 502:621.039(497.2)
080 ## - УДК
Текстов определител УДК Атомни електроцентрали
УДК код - определител по УДК 621.311.25:621.039
УДК определител (497.2)
УДК - код + определител 621.311.25:621.039(497.2)
100 1# - Редна дума - Автор
Автор Атанасов, Георги
Авторска отговорност първи автор
Автор - информация (биография) Петров, Георги Атанасов
R(LIN) 363532
139 ## - Редно поле
Редна дума Атанасов, Георги и др.
Авторски знак Ат - А 93
245 10 - Сведения за заглавието
Заглавие АЕЦ
Подзаглавни данни "Да" и "не"!
Редно поле (дума) Георги Атанасов; съавт. Николай Сергеев Бузин; съавт. Тодор Тодоров.
250 ## - Област на изданието
Сведения за изданието 2. изд.
257 ## - Страна на издаване
Страна на създаване/издаване България
260 ## - Област на издателските данни
Име на издателя, разпространителя и проч. Синдипревантива
Година на издаване 1997
300 ## - Физическа характеристика
Страници 128 с.
Илюстрации и др. с ил.
Размери/Мащаб 21 см
380 ## - Жанр
Жанр Естествени науки. Математика
500 ## - Общи забележки
Забележка 1. изд. 1994.
650 #4 - Допълнително описание по предмет – тема
Основно описание – тема или топоним Ядрена енергетика - България - екологични проблеми
9 (RLIN) 246877
650 #4 - Допълнително описание по предмет – тема
Основно описание – тема или топоним Атомни електрически централи - България - екологични проблеми
9 (RLIN) 242008
653 ## - Ключова дума – ненормативна
Ключова дума ядрена енергетика
653 ## - Ключова дума – ненормативна
Ключова дума АЕЦ
653 ## - Ключова дума – ненормативна
Ключова дума екологични проблеми
700 1# - Други автори (авторска отговорност)
Лично име Бузин, Николай Сергеев
Автороска отговорност (Описва отношението между автора и произведението) съавт.
9 (RLIN) 246876
700 1# - Други автори (авторска отговорност)
Лично име Тодоров, Тодор
Автороска отговорност (Описва отношението между автора и произведението) съавт.
9 (RLIN) 363416
852 ## - Местоположение
Форматна сигнатура Цб 193143
856 4# - Електронен адрес и достъп
Електронен формат pdf - файл
Път до файла /url/
856 4# - Електронен адрес и достъп
Електронен формат pdf - файл
Път до файла /url/
999 ## - СИСТЕМНИ КОНТРОЛНИ НОМЕРА
Koha biblionumber 16116
Koha biblioitemnumber 16116
942 ## - АРТИКУЛИ
Вид на библиотечния материал Книги
Скрит в OPAC Не
Периодичен библиозапис Да
944 ## - СЪЗДАВАНЕ И РЕДАКЦИЯ на ЗАПИСА
Създаване/Редакция Създаване
Дата на регистрацията/редакция 15.01.2003
Служител, извършил регистрацията/редакцията Диана_Димитрова
944 ## - СЪЗДАВАНЕ И РЕДАКЦИЯ на ЗАПИСА
Създаване/Редакция Редакция
Дата на регистрацията/редакция 20.03.2004
999 ## - СИСТЕМНИ КОНТРОЛНИ НОМЕРА
Koha biblioitemnumber 16116
999 ## - СИСТЕМНИ КОНТРОЛНИ НОМЕРА
Koha biblioitemnumber 16116
Наличности
Код за отписване Код за изгубен артикул Източник на класификационната схема Код за повреда Коз за рестрикции Код за отдаване Артикулен № Име на библиотеката - собственик Име на библиотеката, в която се намира в момента Статус (Текущо местоположение) Дата на вписване в системата Местоположение - отдел Цена в лева Инвентарен номер Систематично азбучна сигнатура Баркод Номер на екземпляра Цена в евро Служебна бележка Служебен тип на артикула
  Не е изгубен Universal Decimal Classification Не е повреден без рестрикции ползва се в читалня 27238 Регионална библиотека "Любен Каравелов" Русе Регионална библиотека "Любен Каравелов" Русе Хранилище 2001-01-01 Хранилище 0.00 633211 Цб 193143 120000633211 1 0.00 Дост: Dp Вид: Д N: 28 Дата: 01.01.1997 Книги
Vip Innovations Ltd, Rousse, Bulgaria 2025